| 000 -CABECERA |
| campo de control de longitud fija |
01294nam a22002297a 4500 |
| 003 - IDENTIFICADOR DEL NÚMERO DE CONTROL |
| campo de control |
OSt |
| 005 - FECHA Y HORA DE LA ÚLTIMA TRANSACCIÓN |
| campo de control |
20250512222542.0 |
| 008 - DATOS DE LONGITUD FIJA--INFORMACIÓN GENERAL |
| campo de control de longitud fija |
250512b ||||| |||| 00| 0 spa d |
| 020 ## - NÚMERO INTERNACIONAL ESTÁNDAR DEL LIBRO |
| Número Internacional Estándar del Libro |
9786287641228 |
| 040 ## - FUENTE DE LA CATALOGACIÓN |
| Centro/agencia transcriptor |
CO-Mq BPB |
| 041 ## - CÓDIGO DE LENGUA |
| Código de lengua del texto/banda sonora o título independiente |
spa |
| 082 ## - NÚMERO DE LA CLASIFICACIÓN DECIMAL DEWEY |
| Número de clasificación |
305.42 |
| Número de documento/Ítem |
V17f |
| 100 ## - ENTRADA PRINCIPAL--NOMBRE DE PERSONA |
| Nombre de persona |
Varela, Nuria |
| Término indicativo de función/relación |
autor |
| 245 ## - MENCIÓN DE TÍTULO |
| Título |
Feminismo para principiantes |
| 264 ## - PRODUCCIÓN, PUBLICACIÓN, DISTRIBUCIÓN, FABRICACIÓN Y COPYRIGHT |
| Producción, publicación, distribución, fabricación y copyright |
Bogotá; |
| Nombre del de productor, editor, distribuidor, fabricante |
Penguin Random House, |
| Fecha de producción, publicación, distribución, fabricación o copyright |
2023 |
| 300 ## - DESCRIPCIÓN FÍSICA |
| Extensión |
474 páginas |
| Otras características físicas |
Tapa rustica |
| Dimensiones |
19 cm |
| 521 ## - NOTA DE PÚBLICO DESTINATARIO |
| Nota de público destinatario |
¿Quiénes eran las sufragistas? ¿De dónde sale el feminismo radical? ¿Por qué se habla de marxismo y feminismo como de un matrimonio mal avenido? ¿Por qué el feminismo ha sido vilipendiado y ridiculizado? ¿Por qué las feministas han sido tratadas de «marimachos», feas o mujeres sexualmente insatisfechas? ¿Cómo y dónde surge la expresión «violencia de género»? ¿En qué consiste la masculinidad tradicional? A partir de estos interrogantes, y otros muchos, Nuria Varela repasa tres siglos de hacer y deshacer el mundo, de alumbrar teorías, propuestas y liderazgos fascinantes, y narra la aventura de una agitación social que ningún otro movimiento ha conseguido mantener durante tanto tiempo. |
| 650 ## - PUNTO DE ACCESO ADICIONAL DE MATERIA--TÉRMINO DE MATERIA |
| Término de materia o nombre geográfico como elemento de entrada |
Ensayo |
| 650 ## - PUNTO DE ACCESO ADICIONAL DE MATERIA--TÉRMINO DE MATERIA |
| Término de materia o nombre geográfico como elemento de entrada |
violencia de género |
| 650 ## - PUNTO DE ACCESO ADICIONAL DE MATERIA--TÉRMINO DE MATERIA |
| Término de materia o nombre geográfico como elemento de entrada |
Agitación social |
| 942 ## - ELEMENTOS DE PUNTO DE ACCESO ADICIONAL (KOHA) |
| Fuente del sistema de clasificación o colocación |
|
| Tipo de ítem Koha |
Libro |